000 01606nam a22003854a 4500
001 ebr10112582
003 CaPaEBR
005 20251029031013.0
006 m u
007 cr cn|||||||||
008 021108s2002 ncua sb 001 0 eng
020 _z0738425559
040 _aCaPaEBR
_cCaPaEBR
035 _a(OCoLC)647469690
050 1 4 _aHD58.87
_b.C659 2002eb
082 0 4 _a685.5/00285/5
_222
090 _c98083
_d77960
245 0 0 _aContinuous business process management with HOLOSOFX BPM Suite and IBM MQSeries workflow
_h[electronic resource] /
_c[Eugene Deborin ... et al.].
250 _a1st ed.
260 _aResearch Triangle Park, NC :
_bIBM Corp., International Technical Support Organization,
_cc2002.
300 _axviii, 534 p. :
_bill. ;
_c23 cm.
490 1 _aRedbooks
500 _a"SG24-6590-00."
504 _aIncludes bibliographical references (p. 525-526) and index.
533 _aElectronic reproduction.
_bPalo Alto, Calif. :
_cebrary,
_d2009.
_nAvailable via World Wide Web.
_nAccess may be limited to ebrary affiliated libraries.
650 0 _aReengineering (Management)
650 0 _aWorkflow
_xManagement.
_91888
650 0 _aIndustrial management.
_9176
655 7 _aElectronic books.
_2local
_9190
700 1 _aDeborin, Eugene.
_9134023
710 2 _aInternational Business Machines Corporation.
_bInternational Technical Support Organization.
710 2 _aebrary, Inc.
_9191
830 0 _aIBM redbooks.
856 4 0 _uhttp://site.ebrary.com/lib/strathmore/Doc?id=10112582
_zAn electronic book accessible through the World Wide Web; click to view
999 _c98083
_d77960